00712nam a2200205 a 450000100060000000300080000600500170001400800410003103500510007204000420012304100080016508200240017310000220019724500630021926000710028230000290035349000410038265000420042383000410046546857BD-RjUL20211209054222.0160804s1952 nz a b 001 0 eng  aOCLC ocm03833462 from D970609Ma(BD-RjUL)46976 aDLCcHMGdOCLdUKMdEQOdBD-RjULbeng aeng04a371.00993bPAC 19521 aParkyn, George W.14aThe consolidation of rural schools /cby George W. Parkyn  aWellington :bNew Zealand Council for Educational Research,c1952. a151 p. ;billus.c23 cm.1 aEducational research series,vno. 32 0aSchoolsxCentralizationzNew Zealand. 0aEducational research series,vno. 32